000
00295nam a2200109Ia 4500
008
231011s9999 xx 000 0 und d
041
_a
eng
100
_a
Leo Gough
245
_a
The Essential Management & Finance Source Book
260
_b
Pitman Pubs House ,England / Hongkong -
365
_b
325
999
_c
887655
_d
887655